000
00261nam a2200109Ia 4500
008
190913s9999||||xx |||||||||||||| ||und||
100
_a
Lefrancois ,Guy
245
0
_a
Theories of Human Learning
260
_a
USA
_b
McGraw Hill
_c
1999
300
_a
538
942
_c
BK
999
_c
8167
_d
8167